Loading...
Visual Arts | 0 | 3 | 0 | 1 | 30 | 76 | 91.67 | 2 | 3 |
Geography | 1 | 1 | 0 | 0 | 25 | 71 | 76.00 | 1 | 2 |
History - Ancient History | 0 | 2 | 0 | 2 | 20 | 126 | 128.50 | 2 | 2 |
History - Other History | 0 | 2 | 0 | 1 | 20 | 98 | 110.00 | 1 | 2 |
History - American History | 0 | 2 | 0 | 0 | 20 | 84 | 91.00 | 2 | 2 |
Beliefs | 0 | 2 | 0 | 1 | 20 | 81 | 105.00 | 2 | 2 |
History - World History | 0 | 2 | 0 | 1 | 20 | 88 | 105.00 | 2 | 2 |
Literature - British Literature | 1 | 0 | 0 | 0 | 15 | 79 | 79.00 | 1 | 1 |
Science - Other Science | 1 | 0 | 0 | 0 | 15 | 44 | 44.00 | 1 | 1 |
Current Events | 0 | 1 | 0 | 0 | 10 | 98 | 98.00 | 1 | 1 |
Literature - European Literature | 0 | 1 | 0 | 1 | 10 | 135 | 135.00 | 0 | 1 |
Literature - World Literature | 0 | 1 | 0 | 0 | 10 | 89 | 89.00 | 0 | 1 |
History - European History | 0 | 1 | 0 | 0 | 10 | 91 | 91.00 | 1 | 1 |